| 000 | 00644nam a2200181 i 4500 | ||
|---|---|---|---|
| 001 | 154807 | ||
| 003 | ES-MaACL | ||
| 005 | 20230906205847.0 | ||
| 008 | 040713s1849 fr |||| | fre d | ||
| 040 |
_aCAM _bspa _cCAM |
||
| 100 | 1 |
_aGross, S. _9127572 |
|
| 245 | 1 | 0 |
_aManuel complet de la langue allemande ou Nouvelle méthode théorique, pratique et facile pour apprendre cette langue / _cpar S. Gross. |
| 250 | _a2me éd. | ||
| 260 |
_aParis : _bchez A. Franck, _c1849. |
||
| 300 |
_a400 p. ; _c22 cm. |
||
| 650 | 0 | 4 |
_aLengua alemana- _vMétodos. _914086 |
| 852 |
_aES-MaACL _jB-1932 _z- Enc. hol. _z- Ex-libris ms. de Gustavo Sáenz Diez |
||
| 999 |
_c154807 _d154807 |
||